000 01225nam a22003377a 4500
001 743
005 20250206084602.0
020 _a0375800395 (trade)
020 _a037590039X
040 _aDLC
_cDLC
_dDLC
_beng
050 0 0 _aPZ7.P2197
_bJtslm 1999
082 0 0 _a[Fic]
_221
100 1 _aPark, Barbara.
245 1 0 _aJunie B. Jones and the mushy gushy valentime [i.e. valentine] /
_cby Barbara Park ; illustrated by Denise Brunkus.
246 3 _aJunie B. Jones and the mushy gushy valentine
250 _aFirst Scholastic printing, January 2001
260 _aNew York :
_bScholastic,
_c1999.
300 _a69 pages :
_billustrations ;
_c20 cm.
490 1 _aThe Junie B. Jones series ;
_vBook 14
505 _aM
520 _aWhen Junie B. Jones receives a mushy gushy "valentime" on Valentine's Day, she tries to find out who in her kindergarten class is her secret admirer.
521 _a560
_bLexile
521 _aM
_bRaz-Plus
650 1 _aValentine's Day
_vFiction.
650 1 _aValentines
_vFiction.
650 1 _aKindergarten
_vFiction.
650 1 _aSchools
_vFiction.
700 1 _aBrunkus, Denise,
_eillustrator.
906 _a7
_bcbc
_corignew
_d1
_eocip
_f19
_gy-gencatlg
942 _2ddc
_cBK
_n0
999 _c743
_d743